000 00418nam a2200181Ia 4500
001 10062
005 20260306161804.0
008 260306t1980||||xx |||||||||||||| ||spa||
041 _aESP
082 _aUY 869.81
_bO52A
100 _aOnetti, Juan Carlos
_eAUT
245 0 _aEl astillero
260 _c1980
300 _a239 páginas :
_c8402073913
650 _aGEN
654 _aCHU
942 _cLIB
_dJUS
_fJUS
_2ddc
_n
999 _c10062
_d10062